Dictionary of library, information science and network / (Record no. 122618)

MARC details
000 -LEADER
fixed length control field 00726nam a22002297a 4500
005 - DATE AND TIME OF LATEST TRANSACTION
control field 20170828163734.0
010 ## - LCCN (DPL NO)
LC control number B-59597
020 ## - INTERNATIONAL STANDARD BOOK NUMBER
Terms of availability 00.00
035 ## - SYSTEM CONTROL NUMBER
System control number B-059597
037 ## - SOURCE OF ACQUISITION
Source of stock number/acquisition Cen Lib/Ret
082 ## - DEWEY DECIMAL CLASSIFICATION NUMBER
Classification number 020.3
100 ## - MAIN ENTRY--PERSONAL NAME
Personal name Sharma, C. K.
245 ## - TITLE STATEMENT
Title Dictionary of library, information science and network /
Statement of responsibility, etc by C. K. Sharma
260 ## - PUBLICATION, DISTRIBUTION, ETC. (IMPRINT)
Place of publication, distribution, etc New Delhi
Name of publisher, distributor, etc JBD Book Distributor
Date of publication, distribution, etc 2002
270 ## - ADDRESS
Address 10149, KCP, Model Basti
City New Delhi
Postal code 110005
300 ## - PHYSICAL DESCRIPTION
Extent 244p.
Dimensions 22cm(Hb)
650 ## - SUBJECT ADDED ENTRY--TOPICAL TERM
Topical term or geographic name as entry element Libraray Science
650 ## - SUBJECT ADDED ENTRY--TOPICAL TERM
Topical term or geographic name as entry element Library network
650 ## - SUBJECT ADDED ENTRY--TOPICAL TERM
Topical term or geographic name as entry element पुस्तकालय विज्ञान
650 ## - SUBJECT ADDED ENTRY--TOPICAL TERM
Topical term or geographic name as entry element पुस्तकालय नेटवर्क
942 ## - ADDED ENTRY ELEMENTS (KOHA)
Source of classification or shelving scheme Dewey Decimal Classification
Item type English Books
Classification part 020.3
Call number suffix SHA
Holdings
Withdrawn status Lost status Not for loan Collection code Home library Current library Date acquired Source of acquisition Cost, normal purchase price Full call number Barcode Copy number Cost, replacement price Koha item type
    Not For Loan Reference Central Library Central Library 28/05/2015 Cen Lib/Ret 0.00 020.3 SHA B-059597 1 0.00 English Books

© Delhi Public Library
Hit Counter
free hit counter